Gaming Quiz

Random Gaming Quiz

Halo: Reach Weapons Quiz Stats

 Plays Quiz not verified by Sporcle

Support Sporcle.
Go Orange.
Score 0/24 Timer 05:00
0 Plays Today
% Correct
Assault Rifle
87.5%
Magnum
87.5%
Sniper Rifle
82.5%
Needler
80%
Plasma Pistol
80%
Energy Sword
77.5%
Rocket Launcher
77.5%
Gravity Hammer
72.5%
Needle Rifle
72.5%
Shotgun
72.5%
Plasma Grenade
70%
Frag Grenade
70%
% Correct
Plasma Rifle
67.5%
Spartan Laser
67.5%
Grenade Launcher
62.5%
Plasma Repeater
62.5%
Plasma Launcher
55%
Focus Rifle
47.5%
Concussion Rifle
45%
Designated Marksman Rifle
45%
Fuel Rod Gun
45%
Spiker
45%
Plasma Turret
35%
Mounted Machine Gun Turret
2.5%

You're not logged in!

Compare scores with friends on all Sporcle quizzes.
OR
Log In

From the Vault

Profile: Jon Snow

by druhutch

You know NOTHING!
Remove Ads.
Support Sporcle.
Get the best of Sporcle when you Go Orange. This ad-free experience offers more features, more stats, and more fun while also helping to support Sporcle. Thank you for becoming a member.

Show Comments

Extras

Created Feb 24, 2011ReportNominate
Tags:halo

Top Quizzes Today


Score Distribution

Your Account Isn't Verified!

In order to create a playlist on Sporcle, you need to verify the email address you used during registration. Go to your Sporcle Settings to finish the process.

Report this User

Report this user for behavior that violates our Community Guidelines.

Details: